Statistics for Eurovision 2010 Results with New Voting System

Click here to take the quiz!

General Stats

  • This quiz has been taken 5 times
  • The average score is 10 of 39

Answer Stats

PositionTotal PointsJury PointsTelevoting PointsCountry% Correct
#1430 (Final)187243Germany
100%
#12170 (Final)10763Russia
50%
#2525 (Final)187United Kingdom
50%
#2322 (Final)167155Romania
50%
#1993 (Final)6924Portugal
50%
#1897 (Final)5740Iceland
50%
#17100 (Final)6535Bosnia & Herzegovina
50%
#15147 (Final)37110Serbia
50%
#13161 (Final)13427Israel
50%
#14149 (Final)43106Spain
50%
#11185 (Final)34151France
50%
#9261 (Final)18576Belgium
50%
#8262 (Final)110152Greece
50%
#3296 (Final)119177Turkey
50%
#7277 (Final)116161Azerbaijan
50%
#6282 (Final)116166Armenia
50%
#10223 (Final)12994Ukraine
50%
#4295 (Final)121174Denmark
50%
#34 (#14 in Semi-Final 2)75 (Semi-Final 2)2649Netherlands
0%
#32 (#15 in Semi-Final 1)86 (Semi-Final 1)6422Estonia
0%
#33 (#13 in Semi-Final 2)76 (Semi-Final 2)5422Croatia
0%
#38 (#16 in Semi-Final 2)16 (Semi-Final 2)511Slovenia
0%
#35 (#16 in Semi-Final 1)59 (Semi-Final 1)2534Slovakia
0%
#36 (#15 in Semi-Final 2)40 (Semi-Final 2)2515Bulgaria
0%
#37 (#17 in Semi-Final 1)27 (Semi-Final 1)1512Latvia
0%
#30 (#12 in Semi-Final 2)92 (Semi-Final 2)2765Lithuania
0%
#31 (#14 in Semi-Final 1)92 (Semi-Final 1)6230Macedonia
0%
#2079 (Final)6118Norway
0%
#29 (#13 in Semi-Final 1)96 (Semi-Final 1)5838Poland
0%
#28 (#12 in Semi-Final 1)106 (Semi-Final 1)6640Malta
0%
#27 (#11 in Semi-Final 1)106 (Semi-Final 1)3769Finland
0%
#26 (#11 in Semi-Final 2)140 (Semi-Final 2)7664Sweden
0%
#2440 (Final)2218Belarus
0%
#2361 (Final)3328Moldova
0%
#2273 (Final)5716Cyprus
0%
#2177 (Final)6215Ireland
0%
#16132 (Final)9735Albania
0%
#5287 (Final)160127Georgia
0%
#39 (#17 in Semi-Final 2)15 (Semi-Final 2)141Switzerland
0%

Score Distribution

Percentile by Number Answered

Percent of People with Each Score

Your Score History

You have not taken this quiz